000 00720nam a22002177a 4500
005 20010101081936.0
008 010101b xxu||||| |||| 00| 0 eng d
020 _a9780521878395
_c9256
040 _aLoreto College
041 _aEnglish
082 _a822.33
_bSHA-HOL
245 _aTheatres for Shakespeare
_cEdited by Peter Holland
260 _aCambridge
_bCambridge University Press
_c2007
300 _axi,381p
_b26 cm
440 _aShakespeare Survey: An annual survey of Shakespeare studies and production
_v60
504 _aIncludes bibliographical references and index
650 _aShakespeare, Drama
_vCriticism
_xLiterature in English
700 _4ed.
_aHolland, Peter
850 _aLCLIB
942 _cBK
999 _c40037
_d90516